Colmar - Choix multiples - Statistiques

Statistiques générales
  • Ce quiz a été pris 57 fois
  • Le résultat moyen est 7 sur 10
Statistiques - réponses
Question Réponse % Correct
De quel département Colmar est-elle le chef-lieu ? Le Haut-Rhin
100%
Quel quartier touristique pittoresque fait référence à une autre ville européenne dans son nom ? La Petite Venise
98%
Quelle image représente la réplique de Colmar de cette dernière, réalisée pour le centenaire de la mort de son créateur ?
93%
Quel Colmarien est le concepteur de la statue de la Liberté, offerte par la France aux États-Unis en 1886 ? Auguste Bartholdi
87%
Comment s'appelle la place principale de Colmar ? La place Rapp
73%
De quel empire Colmar fut-elle une "Ville libre" pendant plus d'un siècle ? Le Saint-Empire romain germanique
64%
Quel cours d'eau NE passe PAS Colmar ? Le Rhin
62%
De quoi Colmar est-elle considérée comme la capitale ? Des vins d'Alsace
49%
Quelle information sur Colmar liée à la Seconde Guerre mondiale est VRAIE ? L'avenue de la République s'appelait la "Adolf Hitler-Straße"
47%
Quel entraîneur de football, né à Colmar, a remporté un titre de champion de France et quatre victoires en Coupe de France ? Guy Roux
29%
Aucun quiz correspondant
Distribution des résultats
% des personnes avec chaque résultat
Percentile par nombre de réponses
Votre historique - résultats
Vous n’avez pas pris ce quiz